[Event "MNT-chT 1st League"]
[Site "Podgorica"]
[Date "2018.10.21"]
[Round "9.2"]
[White "Kadic, Branislav"]
[Black "Mustafic, Ismet"]
[Result "1/2-1/2"]
[WhiteElo "2021"]
[BlackElo "2111"]
[PlyCount "40"]
[EventDate "2018.09.07"]
[EventType "team-tourn"]
[EventRounds "9"]
[EventCountry "MNE"]
[SourceTitle "CBM 187 Extra"]
[Source "ChessBase"]
[SourceDate "2018.11.04"]
[SourceVersion "1"]
[SourceVersionDate "2018.11.04"]
[SourceQuality "1"]
[WhiteTeam "Dijagonale"]
[BlackTeam "Rumija"]
[WhiteTeamCountry "MNE"]
[BlackTeamCountry "MNE"]

1. d4 d5 2. Bf4 Bg4 3. c3 c6 4. Qb3 Qb6 5. e3 Nd7 6. Nd2 f5 7. Bd3 e6 8. f3 Bh5 9. Ne2 Ngf6 10. c4 Bb4 11. Nc3 0-0 12. 0-0 Bg6 13. c5 Qa5 14. a3 Bxc3 15. bxc3 b6 16. Qb4 Qxb4 17. cxb4 bxc5 18. bxc5 e5 19. dxe5 Nxc5 20. Be2 Nfd7 1/2-1/2

[Event "MNT-chT1"]
[Site "Mojkovac"]
[Date "2016.09.25"]
[Round "6.5"]
[White "Bubanja, Diko"]
[Black "Mustafic, Ismet"]
[Result "0-1"]
[WhiteElo "2075"]
[BlackElo "2106"]
[PlyCount "72"]
[EventDate "2016.09.09"]
[EventType "team-tourn"]
[EventRounds "9"]
[EventCountry "MNE"]
[SourceTitle "EXT 2017"]
[Source "ChessBase"]
[SourceDate "2016.10.25"]
[SourceVersion "1"]
[SourceVersionDate "2016.10.25"]
[SourceQuality "1"]

1. e4 e6 2. d4 d5 3. Nd2 dxe4 4. Nxe4 Bd7 5. Nf3 Bc6 6. Bd3 Nd7 7. Qe2 Bxe4 8. Bxe4 c6 9. 0-0 Ngf6 10. Bg5 Qc7 11. c4 Be7 12. Rfd1 h6 13. Bh4 Nxe4 14. Bxe7 Kxe7 15. Qxe4 Nf6 16. Qe2 Rhd8 17. Rac1 Kf8 18. b4 Qd6 19. Qb2 Kg8 20. Ne5 a5 21. a3 Nd7 22. Nf3 axb4 23. axb4 Ra4 24. Rb1 b5 25. c5 Qd5 26. h3 Rda8 27. Ra1 Ra2 28. Rxa2 Rxa2 29. Qc3 e5 30. Ra1 e4 31. Rxa2 Qxa2 32. Nd2 Nf6 33. Qe3 Qb2 34. Kh2 Nd5 35. Qe1 Qxb4 36. Qc1 Qxd4 0-1

[Event "MNT-chT1"]
[Site "Mojkovac"]
[Date "2016.09.10"]
[Round "2.5"]
[White "Perkovic, Radovan"]
[Black "Mustafic, Ismet"]
[Result "0-1"]
[WhiteElo "2022"]
[BlackElo "2106"]
[PlyCount "66"]
[EventDate "2016.09.09"]
[EventType "team-tourn"]
[EventRounds "9"]
[EventCountry "MNE"]
[SourceTitle "EXT 2017"]
[Source "ChessBase"]
[SourceDate "2016.10.25"]
[SourceVersion "1"]
[SourceVersionDate "2016.10.25"]
[SourceQuality "1"]

1. e4 e6 2. d4 d5 3. exd5 exd5 4. Bd3 Bd6 5. Nf3 Ne7 6. Bg5 Bg4 7. 0-0 h6 8. Bxe7 Bxe7 9. h3 Be6 10. Ne5 0-0 11. f4 c5 12. f5 Bc8 13. c3 Qb6 14. Bc2 cxd4 15. cxd4 Bf6 16. Kh1 Qxb2 17. Qd3 Nc6 18. Nxc6 bxc6 19. Nc3 Qb6 20. Rf4 Re8 21. h4 Ba6 22. Qd2 Qa5 23. Rg4 Kh8 24. Bd3 Bxd3 25. Qxd3 Re7 26. Rf1 Rae8 27. Rf3 Qa3 28. Qd2 Re1+ 29. Kh2 Qd6+ 30. g3 Qb4 31. Rf2 Qc4 32. Rgf4 c5 33. Nd1 R8e2 0-1

[Event "MNT-chT"]
[Site "Cetinje"]
[Date "2010.10.08"]
[Round "7"]
[White "Tripunovic, Miomir"]
[Black "Mustafic, Ismet"]
[Result "1-0"]
[WhiteElo "2005"]
[BlackElo "2112"]
[PlyCount "115"]
[EventDate "2010.08.27"]
[EventType "team-tourn"]
[EventRounds "9"]
[EventCountry "MNE"]
[SourceTitle "CBM 138 Extra"]
[Source "ChessBase"]
[SourceDate "2010.10.29"]
[SourceVersion "1"]
[SourceVersionDate "2010.10.29"]
[SourceQuality "1"]

1. d4 e6 2. c4 d5 3. Nc3 f5 4. g3 c6 5. Qd3 Be7 6. Nf3 Nf6 7. Bg2 0-0 8. 0-0 Ne4 9. Ne5 Nd7 10. Nxd7 Bxd7 11. f3 Nd6 12. c5 Ne8 13. Rb1 e5 14. e4 Be6 15. exd5 Bxd5 16. dxe5 Bxc5+ 17. Kh1 Be6 18. Rd1 Qe7 19. f4 Nc7 20. Be3 Rad8 21. Qe2 g6 22. Qf2 Na6 23. Rbc1 Kf7 24. Kg1 Bxe3 25. Qxe3 Qc5 26. Qxc5 Nxc5 27. Bf1 Nd7 28. h4 Nb6 29. Kf2 Ke7 30. Be2 h6 31. Bf3 Nc4 32. b3 Nb2 33. Rxd8 Rxd8 34. Rc2 Nd3+ 35. Ke2 Nb4 36. Rd2 a5 37. Rxd8 Kxd8 38. h5 gxh5 39. Bxh5 b5 40. Kd2 Kc7 41. Be2 Na6 42. Bd3 Nc5 43. Bc2 Nd7 44. Nd1 Nc5 45. Ne3 a4 46. Kc3 axb3 47. axb3 Ne4+ 48. Bxe4 fxe4 49. b4 h5 50. Kd4 Bd5 51. f5 Kd7 52. Ng2 Ke7 53. Nf4 Bf7 54. e6 Be8 55. Kxe4 Kf6 56. Nd3 Kg5 57. Ke5 Kg4 58. f6 1-0

[Event "MNT-chT"]
[Site "Cetinje"]
[Date "2010.08.28"]
[Round "2"]
[White "Kraljevic, Ivan"]
[Black "Mustafic, Ismet"]
[Result "1/2-1/2"]
[WhiteElo "2128"]
[BlackElo "2112"]
[PlyCount "87"]
[EventDate "2010.08.27"]
[EventType "team-tourn"]
[EventRounds "9"]
[EventCountry "MNE"]
[SourceTitle "CBM 138 Extra"]
[Source "ChessBase"]
[SourceDate "2010.10.29"]
[SourceVersion "1"]
[SourceVersionDate "2010.10.29"]
[SourceQuality "1"]

1. e4 e6 2. d4 d5 3. Nd2 dxe4 4. Nxe4 Bd7 5. Nf3 Bc6 6. Bd3 Nd7 7. Qe2 Ngf6 8. 0-0 Nxe4 9. Bxe4 Bxe4 10. Qxe4 c6 11. Bg5 Be7 12. Bf4 Nf6 13. Qe2 Qa5 14. Ne5 0-0 15. Rfe1 Rad8 16. c3 c5 17. dxc5 Qxc5 18. Rad1 Nd5 19. Bg3 Qa5 20. a3 Qb6 21. h3 h6 22. Rd2 Qb3 23. Red1 Rfe8 24. Qh5 Rf8 25. Qf3 Bg5 26. Rd3 Qxb2 27. c4 Nc3 28. Rxd8 Bxd8 29. Rxd8 Qb1+ 30. Kh2 Rxd8 31. Qxc3 Rd1 32. Bf4 Rh1+ 33. Kg3 g5 34. Be3 f5 35. Qd4 f4+ 36. Kf3 Rd1 37. Bd2 Qf5 38. Qd8+ Kg7 39. Qd7+ Kg8 40. Ng4 Qg6 41. Qd8+ Kh7 42. Nf6+ Kg7 43. Ne8+ Kg8 44. Nd6+ 1/2-1/2

[Event "Bar op"]
[Site "Bar"]
[Date "2010.04.21"]
[Round "6"]
[White "Rasovic, Uros"]
[Black "Mustafic, Ismet"]
[Result "1-0"]
[WhiteElo "1918"]
[BlackElo "2109"]
[PlyCount "91"]
[EventDate "2010.04.17"]
[EventType "swiss"]
[EventRounds "9"]
[EventCountry "MNE"]
[SourceTitle "CBM 135 Extra"]
[Source "ChessBase"]
[SourceDate "2010.05.04"]
[SourceVersion "1"]
[SourceVersionDate "2010.05.04"]
[SourceQuality "1"]

1. e4 e6 2. d3 d5 3. Nd2 Nf6 4. Ngf3 dxe4 5. dxe4 Bd7 6. e5 Nd5 7. c4 Nb6 8. a3 Bc6 9. Qc2 a5 10. b3 Na6 11. Bb2 Bc5 12. Bd3 Qe7 13. Be4 Bxe4 14. Nxe4 h6 15. Nd4 Rd8 16. Nb5 0-0 17. h4 Qd7 18. Rh3 Be7 19. Rg3 Bxh4 20. Nf6+ Bxf6 21. exf6 g5 22. f4 Nc5 23. Bd4 e5 24. Bxc5 exf4 25. Rh3 Qe6+ 26. Kf1 Qxf6 27. Re1 Rfe8 28. Rxe8+ Rxe8 29. Bd4 Qe6 30. Qf2 Qf5 31. Nc3 c5 32. Bxc5 Nd7 33. Bd4 Kh7 34. Qd2 Qe6 35. Qe2 Kg6 36. Qxe6+ fxe6 37. Rd3 Kf5 38. b4 Ra8 39. b5 b6 40. Bf2 Ne5 41. Rd4 Rc8 42. Ne4 Nf7 43. Nd6+ Nxd6 44. Rxd6 Rxc4 45. Rc6 Ra4 46. Rc3 1-0

[Event "MNT-chT"]
[Site "Cetinje"]
[Date "2009.10.09"]
[Round "4"]
[White "Mustafic, Ismet"]
[Black "Milovic, Jovan"]
[Result "0-1"]
[WhiteElo "2100"]
[BlackElo "2290"]
[PlyCount "59"]
[EventDate "2009.09.18"]
[EventType "team-tourn"]
[EventRounds "9"]
[EventCountry "MNE"]
[SourceTitle "EXT 2011"]
[Source "ChessBase"]
[SourceDate "2010.11.26"]
[SourceVersion "1"]
[SourceVersionDate "2010.11.26"]
[SourceQuality "1"]

1. d4 c5 2. e3 e6 3. Nf3 Nf6 4. b3 Nc6 5. Bb2 cxd4 6. exd4 d5 7. Bd3 Bd6 8. 0-0 Ng4 9. h3 h5 10. Qe2 Qf6 11. Re1 Bd7 12. a3 g5 13. c4 0-0-0 14. Nc3 Nh2 15. Nxh2 Nxd4 16. Qd1 g4 17. Ne2 Bxh2+ 18. Kxh2 Nf3+ 19. Kh1 Qxb2 20. gxf3 dxc4 21. Qc1 Qxb3 22. Qxc4+ Qxc4 23. Bxc4 Bc6 24. Ng1 gxf3 25. Red1 h4 26. a4 Rxd1 27. Rxd1 Rd8 28. Rc1 Kb8 29. Bb5 Be4 30. a5 0-1

[Event "MNT-chT1"]
[Site "Podgorica"]
[Date "2008.09.21"]
[Round "3"]
[White "Vujadinovic, Zeljko"]
[Black "Mustafic, Ismet"]
[Result "1/2-1/2"]
[WhiteElo "1918"]
[BlackElo "2098"]
[PlyCount "22"]
[EventDate "2008.09.07"]
[EventType "team-tourn"]
[EventRounds "9"]
[EventCountry "MNE"]
[SourceTitle "EXT 2010"]
[Source "ChessBase"]
[SourceDate "2010.11.25"]
[SourceVersion "1"]
[SourceVersionDate "2010.11.25"]
[SourceQuality "1"]

1. d4 f5 2. Nf3 Nf6 3. c4 e6 4. Nc3 d5 5. Bf4 Bd6 6. Ne5 c6 7. e3 Qe7 8. c5 Bc7 9. Bd3 0-0 10. h3 Ne4 11. Qc2 a5 1/2-1/2

[Event "MNT-chT1"]
[Site "Podgorica"]
[Date "2007.11.04"]
[Round "8"]
[White "Mustafic, Ismet"]
[Black "Anastasijevic, Marko"]
[Result "1-0"]
[WhiteElo "2118"]
[BlackElo "1777"]
[PlyCount "65"]
[EventDate "2007.08.26"]
[EventType "team-tourn"]
[EventRounds "9"]
[EventCountry "MNE"]
[SourceTitle "EXT 2009"]
[Source "ChessBase"]
[SourceDate "2008.11.26"]
[SourceVersion "1"]
[SourceVersionDate "2008.11.26"]
[SourceQuality "1"]

1. d4 Nf6 2. Bf4 g6 3. c3 Bg7 4. Nf3 d5 5. h3 Nbd7 6. e3 0-0 7. Be2 Re8 8. 0-0 Ne4 9. Nbd2 Nxd2 10. Qxd2 e5 11. Bh2 c6 12. Rfd1 Qe7 13. Bf1 e4 14. Ne1 f5 15. c4 Nb6 16. Rac1 Be6 17. b3 Qf7 18. Qb4 g5 19. a4 f4 20. a5 fxe3 21. fxe3 Rf8 22. Nc2 Nc8 23. Bg3 g4 24. h4 Bf6 25. cxd5 cxd5 26. Be2 b6 27. Rf1 bxa5 28. Qxa5 Qh5 29. Qb4 a5 30. Qc5 Rf7 31. Qc6 Bxh4 32. Qe8+ Kg7 33. Be5+ 1-0

[Event "MNT-chT1"]
[Site "Podgorica"]
[Date "2007.09.16"]
[Round "3"]
[White "Mustafic, Ismet"]
[Black "Bozovic, Nikola"]
[Result "0-1"]
[WhiteElo "2118"]
[BlackElo "2249"]
[PlyCount "82"]
[EventDate "2007.08.26"]
[EventType "team-tourn"]
[EventRounds "9"]
[EventCountry "MNE"]
[SourceTitle "EXT 2009"]
[Source "ChessBase"]
[SourceDate "2008.11.26"]
[SourceVersion "1"]
[SourceVersionDate "2008.11.26"]
[SourceQuality "1"]

1. d4 Nf6 2. Bf4 g6 3. c3 Bg7 4. Nf3 0-0 5. e3 d6 6. Nbd2 Nbd7 7. Be2 Re8 8. h3 e5 9. dxe5 dxe5 10. Bh2 e4 11. Nd4 Ne5 12. 0-0 c5 13. N4b3 Qe7 14. Qc2 Bf5 15. Nc4 Nfd7 16. Rfd1 Nxc4 17. Bxc4 Ne5 18. Bf1 h5 19. Rd5 Be6 20. Rd2 Nd3 21. Nc1 c4 22. Ne2 Rac8 23. Qa4 a6 24. Nf4 Bd7 25. Qa5 Rc5 26. Qa3 Bf8 27. b4 Rf5 28. Be2 a5 29. Rb1 axb4 30. cxb4 Bh6 31. Bxd3 exd3 32. Qc3 b5 33. Qd4 Bc6 34. Re1 Qxb4 35. Rdd1 Qc5 36. Qa1 d2 37. Rxd2 c3 38. Rc2 b4 39. a3 Bg7 40. axb4 Qxb4 41. Rb1 Qc4 0-1

[Event "Bar Sozina op"]
[Site "Bar"]
[Date "2005.03.09"]
[Round "6"]
[White "Stanojevic, Branko"]
[Black "Mustafic, Ismet"]
[Result "1-0"]
[WhiteElo "2319"]
[BlackElo "2144"]
[PlyCount "83"]
[EventDate "2005.03.04"]
[EventType "swiss"]
[EventRounds "9"]
[EventCountry "YUG"]
[SourceTitle "CBM 105 Extra"]
[Source "ChessBase"]
[SourceDate "2005.05.01"]
[SourceVersion "1"]
[SourceVersionDate "2005.05.01"]
[SourceQuality "1"]

1. c4 e6 2. Nf3 d5 3. g3 f5 4. Bg2 Nf6 5. 0-0 Be7 6. Qc2 0-0 7. d4 c6 8. Nbd2 Ne4 9. Ne5 Nd7 10. Ndf3 g5 11. Nxd7 Bxd7 12. Ne5 Be8 13. f3 Nd6 14. b3 Nf7 15. Nxf7 Rxf7 16. e3 h5 17. Bd2 g4 18. f4 h4 19. Rad1 Bf6 20. Rc1 Rh7 21. Be1 Qe7 22. b4 Bd7 23. b5 Kg7 24. bxc6 bxc6 25. Rb1 hxg3 26. hxg3 Kg6 27. Rb7 Qg7 28. Bf2 Qh6 29. Qa4 a5 30. Rfb1 Rah8 31. Kf1 Bd8 32. cxd5 exd5 33. Rxd7 Rxd7 34. Qxc6+ Kh5 35. Qxd7 Qa6+ 36. Qb5 Rh6 37. Bxd5 Rd6 38. Qxa6 Rxa6 39. Ke2 Rd6 40. Bc4 a4 41. Rb5 Kg6 42. Bd3 1-0